000 00271nam a22001217a 4500
999 _c172553
_d172553
082 _a
_b
100 _aChadpa D K
245 _aDimensions of teacher education/
_cby Chadpa D K.
260 _aNew Delhi:
_bAnmol,
_c1991.
300 _a123p.
650 _a
942 _cBK